Strength of Materials / Advanced Theory and Problems: Part II (Record no. 1775)
[ view plain ]
| 000 -LEADER | |
|---|---|
| fixed length control field | 01228cam a22002054a 4500 |
| 005 - ΗΜΕΡΟΜΗΝΙΑ ΚΑΙ ΩΡΑ ΤΕΛΕΥΤΑΙΑΣ ΕΝΗΜΕΡΩΣΗΣ | |
| Πεδίο ελέγχου | 20250605164019.0 |
| 008 - FIXED-LENGTH DATA ELEMENTS--GENERAL INFORMATION | |
| Πεδίο ελέγχου σταθερού μήκους | 250528s ||||||||||||||||||||||||d |
| 035 ## - SYSTEM CONTROL NUMBER | |
| System control number | 16257 |
| 040 ## - ΠΗΓΗ ΚΑΤΑΛΟΓΟΓΡΑΦΗΣΗΣ | |
| Φορέας πρωτότυπης καταλογογράφησης | MC Athens Campus Library |
| Γλώσσα καταλογογράφησης | Ελληνικά, Μοντέρνα (1453-) |
| Modifying agency | MC Athens Campus Library |
| Κανόνες περιγραφικής καταλογογράφησης | AACR2 |
| 245 1# - ΤΙΤΛΟΣ ΚΑΙ ΔΗΛΩΣΗ ΥΠΕΥΘΥΝΟΤΗΤΑΣ | |
| Τίτλος | Strength of Materials / Advanced Theory and Problems: Part II |
| 250 ## - EDITION STATEMENT | |
| Edition statement | 3rd |
| 260 ## - PUBLICATION, DISTRIBUTION, ETC. | |
| Name of publisher, distributor, etc. | Robert E. Krieger Publishing Company, |
| Date of publication, distribution, etc. | 1976 |
| 300 ## - PHYSICAL DESCRIPTION | |
| Extent | 576 |
| 505 0# - FORMATTED CONTENTS NOTE | |
| Formatted contents note | Beams on Elastic Foundations, Beams with Combined Axial and Lateral Loads, Special Problems in the bending of Beams, Thin Plates and Shells, Buckling of Bars and Plates and Shells, Deformations Symmetrical About an Axis, Torsion, Stress Concentration, Deformations Beyond the Elastic Limit, Mechanical Properties of Materials, Author and Subject Index. |
| 520 ## - SUMMARY, ETC. | |
| Summary, etc. | Beams on Elastic Foundations, Beams with Combined Axial and Lateral Loads, Special Problems in the bending of Beams, Thin Plates and Shells, Buckling of Bars and Plates and Shells, Deformations Symmetrical About an Axis, Torsion, Stress Concentration, Deformations Beyond the Elastic Limit, Mechanical Properties of Materials, Author and Subject Index. |
| 700 1# - ΠΡΟΣΘΕΤΗ ΑΝΑΓΡΑΦΗ--ΦΥΣΙΚΟ ΠΡΟΣΩΠΟ | |
| Personal name | Timoshenko S |
| 9 (RLIN) | 2340 |
| 942 ## - ADDED ENTRY ELEMENTS (KOHA) | |
| Koha item type | Books |
| Τύπος τεκμηρίου | Βιβλιοθήκη | Τρέχουσα τοποθεσία | Barcode | Αριθμός εισαγωγής | Ημερομηνία απόκτησης | Ταξιθετικό σύμβολο | Αριθμός αντιτύπου | Κατάσταση απόσυρσης | Κατάσταση χαμένου | Κατάσταση κατεστραμμένου | Μη δανεισμός | Σύνολο δανεισμών | Ημερομηνία τελευταίας εμφάνισης | Η τιμή ισχύει από |
|---|---|---|---|---|---|---|---|---|---|---|---|---|---|---|
| Books | MC Athens Campus Library | MC Athens Campus Library | 9780000017741 | 3344 | 05/06/2025 | 620.1/12 TIM V.II | 1 | 05/06/2025 | 05/06/2025 |